Marcas de coches - Estadísticas

Estadísticas generales
  • Esta prueba ha sido intentada 17.916 veces
    17.539 desde el último reinicio
  • La puntuación promedio es 35 de 50
Estadísticas de respuestas
Imagen Respuesta % Correcto
Toyota
97%
Audi
95%
BMW
93%
Jeep
93%
Mercedes-Benz
93%
Peugeot
93%
Ferrari
90%
Citroen
89%
Ford
89%
Jaguar
88%
Honda
86%
Kia
85%
Tesla
85%
Mazda
84%
Hyundai
83%
Porsche
83%
Renault
83%
Seat
82%
Opel
81%
Lexus
78%
Mitsubishi
78%
Volkswagen
78%
Chevrolet
77%
Fiat
76%
Alfa Romeo
75%
Land Rover
75%
Lamborghini
74%
Suzuki
73%
Aston Martin
72%
Nissan
72%
Skoda
67%
Subaru
67%
Cupra
64%
Volvo
64%
Mini
63%
Bentley
62%
Maserati
61%
Dacia
60%
Rolls Royce
58%
Bugatti
56%
Lynk&Co
56%
DS
48%
Cadillac
40%
Smart
39%
Infiniti
35%
Lotus
32%
Pagani
30%
Chrysler
29%
Koenigsegg
29%
Daewoo
22%
No se encontraron pruebas coincidentes
Distribución de puntuación
Porcentaje de gente con cada puntuación
Porcentaje por número respondido
Historial de tus puntuaciones
No has intentado esta prueba desde el último reinicio